Viackriteriálne rozhodovanie keď sú kritériá v interakcii

Normatívny prístup k viackriteriálnemu rozhodovaniu. Aditívna funkcia užitočnosti. Výpočet očakávanej užitočnosti. Priame ohodnotenie funkcie užitočnosti s využitím pravdepodobnostných ekvivalentov.

Na minha lista:
Detalhes bibliográficos
Autor principal: Terek, Milan
Formato: Capítulo de Livro
Idioma:eslovaco
Assuntos:
Tags: Adicionar Tag
Sem tags, seja o primeiro a adicionar uma tag!

MARC

LEADER 00000naa$a2200000$$$4500
001 0081381
005 20240613074356.6
041 0 |a slo 
044 |a SK 
245 1 0 |a Viackriteriálne rozhodovanie keď sú kritériá v interakcii  |c Milan Terek 
520 |a Normatívny prístup k viackriteriálnemu rozhodovaniu. Aditívna funkcia užitočnosti. Výpočet očakávanej užitočnosti. Priame ohodnotenie funkcie užitočnosti s využitím pravdepodobnostných ekvivalentov. 
610 2 0 |a rozhodovanie viackriteriálne 
610 2 0 |a kritériá rozhodovania 
610 2 0 |a analýza rozhodovacia 
610 2 0 |a štatistika 
100 1 |a Terek, Milan